Vzkriesenie Olympie /

Salvato in:
Dettagli Bibliografici
Autore principale: Zamarovský, Vojtech (Autore)
Natura: Libro
Lingua:slovacco
Pubblicazione: Bratislava : Šport, 1986
Edizione:2.dopl.a opravené vyd.
Tags: Aggiungi Tag
Nessun Tag, puoi essere il primo ad aggiungerne!!

MARC

LEADER 00000nam a22000003a 4500
001 stu17250
005 20150617225754.8
008 910408s1986----cs------------------slo-d
040 |a STU  |b slo 
041 0 |a slo 
044 |a cs 
080 |a 796/799(09) 
100 1 |a Zamarovský, Vojtech  |4 aut 
245 1 |a Vzkriesenie Olympie /  |c [aut.]Zamarovský,Vojtech 
250 |a 2.dopl.a opravené vyd. 
260 |a Bratislava :  |b Šport,  |c 1986 
300 |a 261 s :  |b Obr.,tab.,lit 
996 |b C87857  |c C*87857  |l CCXXI  |s P  |a 0  |w stu17250_0001